[Event "Madrid Magistral 7th"]
[Site "Madrid"]
[Date "1998.05.14"]
[Round "4"]
[White "Svidler, Peter"]
[Black "San Segundo Carrillo, Pablo"]
[Result "1/2-1/2"]
[WhiteElo "2690"]
[BlackElo "2505"]
[Annotator "Cifuentes Parada,L"]
[PlyCount "59"]
[EventDate "1998.05.11"]
[EventType "tourn"]
[EventRounds "9"]
[EventCountry "ESP"]
[EventCategory "17"]
[SourceTitle "CBM 065"]
[Source "ChessBase"]
[SourceDate "1998.08.06"]
[SourceVersion "1"]
[SourceVersionDate "1998.08.06"]
[SourceQuality "1"]

1. e4 {Manor,I Kostakiev,D} c5 2. Nf3 Nc6 3. d4 cxd4 4. Nxd4 Nf6 5. Nc3 e5 6.
Ndb5 d6 7. Bg5 a6 8. Na3 b5 9. Bxf6 gxf6 10. Nd5 f5 11. c3 Bg7 (11... fxe4 $2
12. Bxb5 $1 axb5 13. Nxb5 Qg5 14. Nbc7+ Kd8 15. Nxa8 Qxg2 16. Rf1 Ba6 17. Ne3
Qf3 18. Rg1 Bd3 19. Nb6 Bh6 20. Qxf3 exf3 21. Rd1 Be4 22. Nbd5 $16 {A
Rodriguez-Georgadze, 1977}) 12. exf5 {[#] (3) 0.53/1} Bxf5 13. Nc2 (13. Qf3 $6
Be6 (13... Bg6 $2 14. Nxb5 $1 $16 {Rogers}) (13... Bd7 14. Bd3 O-O 15. Bf5 e4
$5 16. Bxe4 f5 17. Bc2 Re8+ 18. Kf1 Ne5 19. Qh5 Kh8 20. Rd1 $1 Ng4 21. h3 Nf6
22. Nxf6 Qxf6 $13 {Mokry-Kouatly, Geneve 1988}) 14. Nf4 (14. Rd1 $5 O-O 15. Nc2
f5 16. Be2 e4 17. Qg3 Bxd5 $1 18. Rxd5 f4 19. Qg4 Rf6 20. Rf5 Qf8 $17 {Molnar
Z-Vegh, Kecskemet 1978}) (14. Nf6+ $6 Bxf6 15. Qxc6+ Ke7 16. Be2 d5 $17 {
Mirkov - Kharlov, Bern 1992}) (14. O-O-O O-O 15. Nc2 f5 16. g3 (16. h4 Ne7 17.
Nce3 Kh8 18. h5 Bh6 19. Nxe7 Qxe7 20. Kb1 Rac8 $17 {Tandai-Polak, corr 1979/80}
) 16... e4 17. Qe2 Rb8 18. Qd2 a5 19. Nf4 Bxa2 20. Qxd6 Qb6 21. Nd5 Nd4 $17 {
Gasser-Schrantz, corr 1977/81}) (14. Bd3 Bxd5 15. Qxd5 Ne7 16. Qf3 d5 $15 {
Bellon-Lombard, Haifa 1976}) 14... Nd4 $1 (14... exf4 $1 15. Qxc6+ Ke7 16. Nc2
Re8 17. Bd3 Bd7 18. Qf3 Kf8+ 19. Kd2 $6 Qh4 $15 {Nicholson-Povah, London 1976})
15. cxd4 exf4 16. Nc2 O-O 17. Bd3 Qg5 $36 {Rogers-Ivanovic, Vrsac 1987}) (13.
Be2 O-O 14. Nc2 Be6 15. O-O Kh8 16. Bf3 $6 (16. a4 bxa4 17. Rxa4 a5 $11) 16...
Rc8 17. Ncb4 Nxb4 18. Nxb4 a5 19. Nc6 $2 Qc7 20. a4 bxa4 21. Rxa4 e4 $17 {
Sveshnikov-Timoshchenko, USSR 1975}) 13... O-O (13... Ne7 $5 14. Bd3 $1 (14.
Nxe7 Bxc2 (14... Qxe7 $4 15. Qf3 $18) 15. Qxc2 Qxe7 (15... Kxe7 $5) 16. Rd1 (
16. Be2 O-O 17. O-O d5 18. Rfd1 Rfd8 19. Qb3 Qc5 20. a4 bxa4 21. Rxa4 a5 22. g3
e4 23. Qb5 Bf8 $11 {Adams-Shirov, Chalkidiki 1993}) 16... O-O 17. Qf5 e4 $5 18.
Be2 Qe5 $11 {Holzke-Hardicsay, Budapest 1992}) 14... Nxd5 (14... Be6 15. Be4
Bxd5 16. Bxd5 Rc8 17. O-O O-O 18. Ne3 (18. a4) 18... Kh8 19. a4 f5 20. axb5 f4
21. bxa6 fxe3 22. fxe3 Qb6 23. Rxf8+ Rxf8 {Dvoirys-Nijboer, Leeuwarden 1994}
24. a7 Nxd5 25. a8=Q Nxe3 26. Qdf3 Ng4+ $11) (14... e4 $6 15. Nxe7 Qxe7 16.
Bxb5+ $16) 15. Bxf5 Ne7 16. Qg4 Nxf5 (16... O-O $6 17. Rd1 d5 18. Ne3 d4 19.
Be4 dxe3 20. Rxd8 $14 {Ivanchuk-Kramnik, Novgorod 1994}) 17. Qxf5 Qd7 18. Ne3
Qe6 $1 19. Rd1 Rd8 $11) (13... Be6 $143 {Kostakiev,D}) 14. Nce3 Be6 15. Bd3 f5
(15... Ne7 16. Nxe7+ Qxe7 17. Qh5 h6 18. Be4 Rac8 19. O-O (19. Nf5 Bxf5 20.
Qxf5 Rfd8 21. Bd5 $14) 19... Rc5 20. Rfd1 Rd8 21. Bd5 $14 {Garcia
Martinez-Remon, Bayamo 1986}) 16. O-O (16. Qh5 e4 17. Bc2 Ne7 (17... Ne5 18.
Rd1 (18. Nf4 Bd7 (18... Bf7 19. Qxf5 Bd5 20. Ne6 $1 $18 {Hardicsay}) 19. O-O
Rf6 $5 $132) (18. O-O $4 f4 19. Bxe4 h6 20. Nf5 Rxf5 $17) (18. Nf4 $14 {
Kostakiev,D 1-0 Forgo,E-Kerek,C/Hungary tt 1995 (36)}) 18... Nc4 (18... Bf7 19.
Qh3 Bg6 20. Bb3 Kh8 21. Nf4 $16) 19. Nxc4 bxc4 20. O-O Be5 21. Kh1 Ra7 22. f4
$16 {Arnason-Kouatly, Thessaloniki 1988}) 18. Bb3 {[#] (3) 0.47/6} (18. Nxe7+
$6 Qxe7 19. g4 $6 f4 $1 20. Nd5 Bxd5 21. Qxd5+ Kh8 22. O-O-O e3 23. Qd3 Be5 $17
{Yagupov-Minasian, Moscow Tal 1992}) (18. O-O-O $6 Ng6 $5 {[#] (3) -0.28/6} (
18... Nxd5 $5 19. Nxd5 Bxd5 20. Rxd5 Qf6 {[#] (1) -2.56/1} 21. Rhd1 Qh6+ {
[#] (3) -1.63/1} 22. Qxh6 Bxh6+ 23. Kb1 Bf4 $11) 19. f3 {[#] (3) 0.50/3} f4 20.
Ng4 Rf5 21. Nh6+ {[#] (3) -2.91/1} Bxh6 {[#] (3) 0.59/7} 22. Qxh6 {[#] (2) -1.
50/1} Rxd5 {[#] (3) 0.78/8} 23. Bxe4 {[#] (3) -0.13/8} Rxd1+ {[#] (3) 0.16/8}
24. Rxd1 {[#] (3) -0.59/6} Qf8 {[#] (3) 0.06/9} 25. Qh5 {[#] (2) -1.06/1} Bxa2
$1 {[#] (3) 0.66/2} 26. Bxa8 {[#] (3) -0.53/8} Qxa8 {[#] (2) 0.13/1} 27. Rxd6 {
[#] (3) -0.72/6} Qe8 {[#] (3) 0.09/1} 28. Qc5 {[#] (3) -0.94/9} Bb3 {[#] (1)
-0.13/1} 29. Qf2 {[#] (3) -1.16/9} b4 $1 $40 {[#] (3) 1.03/8}) (18. Nf4 Bf7 19.
Qg5 (19. Bb3 d5 20. Qd1 (20. Qh3 Kh8 $8 21. Nexd5 Nxd5 22. Nxd5 Bxd5 23. Rd1 e3
$1 $13 {Enders}) (20. Qg5 d4 $5 21. cxd4 Bxb3 22. axb3 h6 23. Qh4 Qd6 24. O-O
Nc6 $132) 20... d4 $13) 19... Ng6 20. Qxf5 Bc4 21. Ne6 Bxc3+ $1 22. Kd1 Rxf5
23. Nxd8 Rxf2 $17 {Pelling-Emerson, London 1977/78}) (18. Rd1 $6 Nxd5 (18...
Ng6 19. g4 fxg4 20. Bxe4 Qe8 21. O-O Ra7 22. Nxg4 $16 {Honfi-Muse, Budapest
1986}) (18... Rc8 19. O-O Rc5 20. Bb3 Kh8 (20... f4 21. Nxe7+ Qxe7 22. Nd5 Qf7
23. Qxf7+ Rxf7 24. Rfe1 $14) 21. Nf4 $14) 19. Nxd5 Bxd5 20. Rxd5 Qf6 $11) 18...
Nxd5 $1 19. Nxd5 (19. Bxd5 $5 Bxd5 20. Nxd5 a5 21. O-O b4 22. f3 bxc3 23. bxc3
e3 $132) 19... a5 20. Nf4 (20. Qd1 a4 21. Nf4 Bxb3 22. axb3 a3 $1 23. Qd5+ Kh8
24. Rxa3 Rxa3 25. bxa3 Bxc3+ 26. Ke2 Be5 27. Ne6 Qa8 $132 {Escobar-Godoy/
Buenos Aires 1990}) 20... Bxb3 21. axb3 Qe7 22. O-O b4 $11 {Adams-Beliavsky,
Debrecen 1992}) (16. Bc2 f4 $1 (16... b4 $5 {Kostakiev,D 1-0 Topalov,
V-Illescas Cordoba,M/Alcobendas (m/1) 1994/[Topalov,V] (21) N}) 17. Qh5 (17.
Nf1 $5) 17... Rf7 $3 18. Bxh7+ Kf8 19. Bf5 (19. Qg6) 19... Qe8 $1 (19... Rxf5
$2 20. Nxf5 Bxd5 21. Rd1 $1 (21. O-O-O $2 Nd4 $1 {Arnason-Birnboim/ Beer Sheva
1987}) 21... Be6 22. Rxd6 Qc8 23. Nxg7 Kxg7 24. g3 $18) 20. Bxe6 Qxe6 21. Qg4
Qh6 $1 22. Nf5 (22. Nc2 $2 e4 $1 $36) (22. Nb6 Rd8 $1 (22... fxe3 23. Nxa8
exf2+ 24. Ke2 $18) (22... Re8 $6 23. Ned5 e4 24. Nd7+ Kg8 25. N5f6+ Rxf6 26.
Nxf6+ Qxf6 27. Qd7 Qe5 28. Qxc6 e3 29. O-O $17) 23. Ned5 e4 24. O-O Ne5 25. Qe2
Qg6 26. Qc2 f3 27. g3 Bh6 28. Rae1 Qf5 $1 29. Rxe4 Qh3 30. Ne3 Ng4 31. Rxg4
Bxe3 32. fxe3 Qxg4 $17) 22... Qe6 23. Nfe3 $11 {Topalov,V-Illescas,M/ Dos
Hermanas 1996}) 16... Ra7 $5 (16... e4 17. Nf4 (17. Bc2 f4 18. Bxe4 fxe3 19.
Qh5 exf2+ 20. Kh1 Rf7 21. Qxh7+ Kf8 $17) 17... Bf7 18. Bc2 Be5 19. Nfd5 (19.
Nh3 Kh8 20. f4 (20. Nxf5 Be6 21. Ng3 Bxh3 22. gxh3 d5 $44) 20... Qb6 21. Re1 $2
Bg7 22. Kh1 Ne7 $17 23. g4 $6 d5 $6 (23... b4 $1 24. Nxf5 Nxf5 25. gxf5 bxc3
26. bxc3 Bxc3 27. Rxe4 Qc6 28. Ng5 Bd5 29. Qh5 Ra7 $17) 24. gxf5 b4 25. Ng5 Bg8
26. Ne6 $1 Bxe6 27. fxe6 Qxe6 28. c4 Rxf4 29. cxd5 Qh3 30. Qe2 Raf8 31. Qg2
Qxg2+ 32. Nxg2 Rf2 33. Bxe4 Nc8 $1 $15 {Lutz,C-San Segundo,P/ Pamplona 97-98})
19... Qg5 20. f4 exf3 21. Qxf3 Bh5 22. Qf2 (22. Qh3 $5 f4 23. Nc7 fxe3 $1 24.
Nxa8 Rxf1+ $1 25. Rxf1 e2 26. Re1 Bg4 $3 27. Qxh7+ Kf8 28. Nc7 Qe3+ 29. Kh1 Qf2
30. Qh6+ Bg7 31. Qc1 Ne7 $1 32. Bd3 $5 (32. Nxa6 $2 Be5 33. Qh6+ Ke8 34. Qc1
Bf3 $19) 32... Be5 33. Bxe2 Bxe2 34. Qd2 Qh4 35. g3 Bf3+ 36. Kg1 Bxg3 37. Re3
Qg4 38. Rxf3+ Qxf3 39. hxg3 Qxg3+ 40. Qg2 Qe3+ 41. Qf2+ Nf5 42. Nxa6 Qg5+ $132)
22... f4 23. Nc7 $3 (23. h4 $6 Qd8 24. Nf5 Bg6 25. Nd4 Nxd4 26. cxd4 Bxc2 27.
dxe5 dxe5 28. Qc5 Rf7 $15 {1/2-1/2, Anand,V-Kramnik,V/ Linares 1998}) 23...
Rac8 (23... fxe3 $2 24. Qxf8+ Rxf8 25. Rxf8+ Kxf8 26. Ne6+ Ke7 27. Nxg5 $16)
24. Ne6 Qh6 25. Nxf8 fxe3 26. Qf5 $1 (26. Bb3+ Kg7 27. Qf5 $3 (27. Qh4 Rxf8 28.
Rxf8 Kxf8 29. g4 $16) 27... Bxh2+ 28. Kh1 Bg3 29. Qh3 e2 30. Ne6+ Kh8 31. Rf5
Qe3 32. Re1 $1 $18) 26... Bxh2+ (26... Rxf8 27. Bb3+ $18) 27. Kh1 Rxf8 28.
Qxf8+ Qxf8 29. Rxf8+ Kxf8 30. Kxh2 e2 31. Kg3 Ne5 32. Kf2 $18) (16... Ne7 $2
17. Nxe7+ Qxe7 18. Nxf5 $1 $16) 17. Qh5 (17. a4 $5 $14 {Kostakiev,D}) 17...
Raf7 (17... e4 {Manor,I} 18. Bc2 Qe8 19. Qxe8 Rxe8 20. f3 exf3 21. Rxf3 Ne5 22.
Rg3 Rf7 23. Nf4 Nc4 24. Nxe6 Rxe6 25. Nxf5 Nxb2 26. Rf1 Nc4 27. h4 Rg6 28. Rgf3
Nd2 29. Bb3 Nxb3 30. axb3 Rc7 31. h5 Rg5 32. h6 Rxf5 33. Rxf5 Bxh6 34. R1f3 Bg7
35. Rg5 Kh8 36. Kf1 Rxc3 37. Rxc3 Bxc3 $14 {Ivanchuk,V-Kramnik,V/London PCA
rapid 1994/1/2-1/2 (52)}) 18. g4 (18. Bc2 Ne7 (18... b4 {Kostakiev,D} 19. Rfd1
bxc3 20. bxc3 Ne7 21. Nxe7+ $14 {1/2-1/2 Marjanovic,S-Simic,R/It (open) Bela
Crkva (Yugoslavia) 1984}) 19. Nxe7+ Qxe7 20. Rad1 Kh8 21. Rfe1 Rf6 22. Nd5 Bxd5
23. Rxd5 Rh6 24. Qf3 Qe6 $13 {Delchev-Lalic/ Abierto de Zadar 1997}) (18. a4
$142 $16 {Kostakiev,D}) 18... e4 19. Bc2 Ne5 $1 {N} (19... fxg4 $6 20. Bxe4 Be5
21. Qh6 $2 (21. h3 $1 gxh3 22. f4 $1 Qe8 23. Kh1 $1 $16) 21... Kh8 $1 22. Kh1 (
22. Qxe6 Qh4 23. Nxg4 Rg7 24. Kh1 Rxg4 25. f4 Qh3 26. Nc7 Bxf4 27. Rf2 Qh4 28.
Raf1 Rf6 $17) 22... Bxd5 23. Nxd5 Ne7 $11 24. Qh4 Nxd5 25. Qxd8 Rxd8 26. Bxd5
Rf5 27. Rad1 Rdf8 28. Kg2 Rh5 29. Rh1 Rf6 30. Rd3 Rhf5 {1/2-1/2 Svidler,
P-Kramnik,V/ Linares 1998 1/2-1/2 Svidler,P-Kramnik,V/ Linares 1998}) 20. Nf4
Bd7 (20... Bc4 $5 {Manor,I} 21. Nxc4 (21. Nxf5 Nxg4 22. Bxe4 Nf6 $17) 21...
bxc4 22. Ne6 Qe7 23. Nxf8 (23. Ng5 $4 Qxg5) 23... Qxf8 24. gxf5 Rxf5 25. Qh3
Nf3+ 26. Kh1 d5 $44) 21. Bb3 (21. gxf5 Rxf5 $1 22. Nxf5 Rxf5 $19) 21... fxg4
22. Ne6 (22. Bxf7+ $2 Rxf7 23. Nfd5 (23. Ned5 Rf5 $19) (23. Nfg2 Rf3 $1 $19)
23... Rf3 $19) 22... Bxe6 23. Bxe6 Kh8 $1 (23... Qf6 $5 {Kostakiev,D}) 24. Bxf7
Rxf7 (24... Nxf7 $6 {Kostakiev,D} 25. Nxg4 $14) 25. Rad1 (25. Nxg4 Rf4 (25...
Qf8 $5 26. Nxe5 Bxe5 27. Rae1 Rf5 28. Qh3 d5 $44) (25... Nf3+ {Kostakiev,D} 26.
Kh1 Rf4 (26... Qf8 {Manor,I} 27. Rad1 Rf5 28. Qh3 $13) 27. h3 $1 (27. Rfd1 Qc8
$1 28. Rg1 Rf5 $15) (27. Rad1 Qc8 28. Rg1 Rf5 $15) 27... Qc8 (27... Qf8 28. Qd5
Qd8 $40) 28. Qd5 Be5 $1 29. Rae1 Rxg4 $1 30. hxg4 Qf8 $1 31. Rxe4 Qh6+ 32. Kg2
Nh4+ 33. Kh1 $11) 26. Nxe5 Bxe5 27. h3 Rh4 28. Qf5 Rf4 29. Qh5 Rh4 $11) 25...
Qf8 26. Kh1 {[#]} (26. Nxg4 $2 {Kostakiev,D} Rf5 27. Qh3 Rg5 $19) 26... Rf3 (
26... Nd3 $5 27. Nxg4 (27. Rd2 {Kostakiev,D} Bh6 $17) 27... Nxb2 28. Rde1 Rf5
29. Qh3 Rf3 30. Qh5 Rf5 $11 (30... Rf4 $5)) 27. Nxg4 Rf5 28. Qh3 Rf3 29. Qh5 (
29. Qg2 $6 Nd3 $1 30. Rd2 h5 $1 (30... Nf4 $11) 31. Ne3 Bh6 $15) (29. Qh4 {
Kostakiev,D} Rf4 30. h3 $17) 29... Rf5 (29... Nd3 {Kostakiev,D} 30. Qd5 Nxb2
31. Rde1 $11) 30. Qh3 (30. Qh3 Rf3) 1/2-1/2

[Event "Dos Hermanas-B"]
[Site "Dos Hermanas"]
[Date "2003.03.28"]
[Round "1"]
[White "Korneev, Oleg"]
[Black "Cifuentes Parada, Roberto"]
[Result "0-1"]
[WhiteElo "2613"]
[BlackElo "2506"]
[Annotator "Cifuentes Parada,L"]
[PlyCount "154"]
[EventDate "2003.03.28"]
[EventType "tourn"]
[EventRounds "9"]
[EventCountry "ESP"]
[EventCategory "10"]
[SourceTitle "CBM 095"]
[Source "ChessBase"]
[SourceDate "2003.07.25"]
[SourceVersion "1"]
[SourceVersionDate "2003.07.25"]
[SourceQuality "1"]

1. e4 c5 2. Nf3 Nc6 3. d4 cxd4 4. Nxd4 Nf6 5. Nc3 e5 6. Ndb5 d6 7. Na3 Bg4 $5 {
[%mdl 8]} (7... a6 8. Nc4 (8. Bg5 b5 {B33}) 8... b5 9. Ne3 Ne7 $1 (9... b4 10.
Ncd5) 10. a4 b4 11. Ncd5 Nexd5 12. Nxd5 Nxd5 13. Qxd5 Be6 14. Qc6+ Bd7 15. Qc4
a5 16. Qd5 Be7 17. Bb5 O-O 18. Bxd7 Qxd7 19. O-O Qe6 $11) (7... Be7 $5 8. Bg5 (
8. Nc4 Nxe4 $1 9. Nxe4 d5 $11) 8... Nxe4 $1 9. Nxe4 (9. Bxe7 $2 Nxc3 10. Bxd8
Nxd1 11. Rxd1 Kxd8 12. Nb5 Be6 13. Nxd6 Ke7 $15) 9... Bxg5 10. Nxd6+ (10. Nxg5
Qxg5 11. Qxd6 a6 $5 12. Bb5 (12. Nc4 Be6 13. Qc5 O-O-O $1) 12... Bd7 (12...
axb5 13. Nxb5 $13) 13. Bxc6 Bxc6 14. Nc4 Bb5 $1 15. Qxe5+ Qxe5+ 16. Nxe5 O-O-O
17. a4 (17. f4 Rd4) 17... Rhe8 18. f4 Rd4 19. axb5 Rxf4 20. bxa6 Rxe5+ 21. Kd1
bxa6 22. Rxa6 Rf2 $44) 10... Ke7 11. Nac4 Be6 12. Qh5 Kf8) (7... Be6 $143 8.
Bg5 a6 9. Nc4 $1 $14) 8. f3 $6 (8. Qd3 $142 Be7 (8... d5 9. exd5 Nd4 10. Ncb5
Bxa3 11. Nxd4 exd4 12. Qxa3 Qxd5 13. f3 Bf5 14. Bd3 Bxd3 15. cxd3 $1 $14) 9.
Bg5 O-O 10. Nc4 Nb4 11. Qd2 Rc8 12. a3 Nc6 13. Bxf6 Bxf6 14. Qxd6 Nd4 15. Qxd8
Bxd8 16. Ne3 Ba5 17. Kd2 Rfd8 18. Bd3 Be2 19. Rab1 (19. Ned5 Bxd3 20. Kxd3 Bxc3
21. bxc3 Ne6 $44) 19... Bxd3 20. cxd3 Nb3+ 21. Kc2 Nd4+ {1/2-1/2 Bauer,
C-Radjabov,T/It, Enghien les Bains FRA 2003 (21)}) 8... Be6 9. Bg5 (9. Bc4 Be7
10. O-O O-O) 9... Be7 10. Nc4 (10. Bc4 O-O 11. Bxf6 Bxf6 12. Nd5 Bh4+ 13. g3
Bg5 14. c3 Rc8 $11) 10... d5 $5 (10... O-O $5 11. Bxf6 (11. Ne3 $2 Nxe4 $1 12.
Bxe7 Nxc3 13. Bxd8 Nxd1 14. Rxd1 Rfxd8 $17) 11... Bxf6 12. Nxd6 (12. Qxd6 $6
Bh4+ $1 13. g3 Qf6 $1 14. Kf2 (14. gxh4 $2 Qxh4+ 15. Ke2 Rad8 16. Qc5 Nd4+ 17.
Ke3 Nxc2+ $19) 14... Nd4 15. Nxe5 (15. gxh4 Qxf3+ 16. Kg1 Qg4+ 17. Kf2 f5 $1
$19) 15... Rfd8 16. Qc5 Rac8 17. Qxa7 Qxe5 18. gxh4 Qf4 $19) 12... Nd4 13. Ndb5
Bg5 14. Bd3 Be3 15. Nxd4 exd4 16. Ne2 Qg5 $44) 11. Bxf6 (11. exd5 Nxd5 12. Bxe7
Ndxe7 $1 13. Nd6+ Kf8 14. Qd2 Nf5 15. Nxf5 Qxd2+ 16. Kxd2 Rd8+ 17. Bd3 Bxf5 18.
Rhe1 Bxd3 19. cxd3 h5 $15 {xd3}) 11... dxc4 12. Bxg7 Rg8 13. Qxd8+ (13. Bh6 Nd4
$44 {/\Qb6}) 13... Rxd8 14. Bh6 Bc5 $44 (14... Nd4 15. O-O-O b5 16. Be3 Bc5 17.
Kb1 a6 $13) 15. Nd1 $2 (15. a3 Rg6 $1 (15... Ke7 16. Na4 $1 (16. Bd2 Bf2+ 17.
Ke2 Bh4 $1 (17... Bb6 $143 18. Re1 $1 Ba5 $1 19. Kd1 Bxc3 20. bxc3 b5 21. Kc1
$13) 18. Be3 (18. Nb5 Rd7 19. g3 Bf6 20. Be3 Nd4+ 21. Nxd4 exd4 22. Bf2 d3+ 23.
Kd1 Bxb2 $17) 18... Nd4+ 19. Bxd4 exd4 20. Nd1 Bg5 21. Nf2 d3+ 22. cxd3 cxd3+
$17)) 16. Bd2 $8 (16. Bc1 $2 Nd4 $19) 16... Bf2+ 17. Ke2 (17. Kxf2 Rxd2+ 18.
Ke3 Rxc2 19. Rb1 f5 20. g3 fxe4 21. Nxe4 Ne7 $1 22. Nc3 Nd5+ 23. Nxd5 Bxd5 24.
Be2 Rb6 $1) 17... Bh4 $1 {x Ke2-Pc2} 18. Be3 (18. g3 Nd4+ 19. Kf2 Nxc2 20. Rd1
Be7 $17) 18... Nd4+ 19. Bxd4 exd4 20. Nd1 (20. Nb5 d3+ 21. cxd3 cxd3+ 22. Ke3 (
22. Kd2 Bg5+ 23. Kc3 Ke7) 22... d2 $1 23. Nc7+ (23. Rd1 Bb3) 23... Ke7 24. Nxe6
d1=Q 25. Rxd1 Rxd1 26. Nc7 Bg5+ 27. Kf2 (27. f4 Bxf4+ 28. Kxf4 Rf6+ 29. Ke5
Rfxf1 $19) 27... Bc1 $19) 20... Be7 $44) 15... Nb4 $17 16. Rc1 Nxa2 17. Ra1 Nb4
18. Rc1 Ke7 (18... f5 $1 19. g3 (19. Nf2 $2 f4 $1) 19... fxe4 20. fxe4 Rg6 21.
Bd2 Bg4 22. Be2 Rgd6 23. Bxb4 Bxb4+ 24. c3 Bxe2 25. Kxe2 Rd2+ 26. Kf3 Bc5 27.
Kg4 Ke7 $19) 19. g4 Rd6 20. h3 Nc6 21. Rh2 b5 22. c3 Na5 23. Rd2 Rc6 $1 24. Re2
Nb3 25. Rcc2 Bxg4 26. hxg4 Rxh6 27. Rh2 Rgg6 28. g5 Rxh2 29. Rxh2 Rxg5 30. Rxh7
Rg3 31. Rh3 Rg1 $19 32. Rh5 f6 33. Rh7+ (33. Nf2 Nd2 34. Kxd2 Rxf1 35. Ng4 Rxf3
$19) 33... Ke6 34. Rb7 Bb6 35. Rh7 Nc1 36. Rh2 Nd3+ 37. Ke2 Nc1+ 38. Ke1 Nd3+
39. Ke2 Nf4+ 40. Ke1 Bc5 41. Nf2 Rg3 42. Be2 Ng2+ 43. Kf1 Ne3+ 44. Ke1 Rg1+ 45.
Kd2 Nf1+ (45... Rb1 $142 $1 46. b4 cxb3 47. Bxb5 (47. Nd3 Nc4# {mate}) 47... b2
48. Bd3 Nf1+ $19) 46. Bxf1 Rxf1 47. Ng4 Rxf3 48. Nh6 Rf2+ 49. Rxf2 Bxf2 50. Nf5
Bc5 51. Ke2 Kf7 52. Nh4 a5 53. Kf3 b4 54. Ke2 bxc3 55. bxc3 a4 56. Kd1 Kg7 57.
Nf3 Kg6 58. Nd2 a3 59. Kc2 Kg5 60. Nxc4 Kf4 61. Nd2 Ke3 62. Nb3 Bf8 63. Nd2 Be7
64. c4 a2 65. Nb3 Ba3 $1 66. c5 Bxc5 67. Kb2 Bb4 68. Kxa2 Kxe4 69. Kb2 Kd3 70.
Kc1 Ke2 71. Kc2 f5 72. Nc1+ Ke3 73. Nd3 Bd6 74. Nb2 Ke2 75. Na4 f4 76. Nc3+ Ke1
77. Nb5 f3 0-1

[Event "Linares 21st"]
[Site "Linares"]
[Date "2004.02.28"]
[Round "9"]
[White "Vallejo Pons, Francisco"]
[Black "Topalov, Veselin"]
[Result "1/2-1/2"]
[WhiteElo "2663"]
[BlackElo "2735"]
[Annotator "Cifuentes Parada,L"]
[PlyCount "66"]
[EventDate "2004.02.19"]
[EventType "tourn"]
[EventRounds "14"]
[EventCountry "ESP"]
[EventCategory "20"]
[SourceTitle "CBM 100"]
[Source "ChessBase"]
[SourceDate "2004.06.01"]
[SourceVersion "1"]
[SourceVersionDate "2004.06.01"]
[SourceQuality "1"]

1. e4 c5 2. Nf3 Nc6 3. d4 cxd4 4. Nxd4 Nf6 5. Nc3 e5 6. Ndb5 d6 7. Bg5 a6 8.
Na3 b5 9. Bxf6 gxf6 10. Nd5 f5 11. Bd3 Be6 12. c3 Bg7 13. Nxb5 axb5 14. Bxb5
Bd7 15. exf5 O-O 16. Qg4 $5 (16. O-O Re8 17. Qf3 e4 18. Qg3 Kh8 19. Qxd6 Be5
20. Qh6 Bxf5 21. Nf4 Bd7 22. Rad1 Rc8 23. Rd5 Qc7 24. g3 Rg8 25. Rfd1 Bg4 26.
Be2 Bf5 27. Rc5 f6 28. Bb5 Qb6 29. b4 e3 30. fxe3 Be4 31. Nd5 Qb8 32. Nxf6 Bxg3
33. Nxe4 Bf4+ 34. Ng5 Bxg5 35. Qe6 Bxe3+ 36. Kh1 Bxc5 37. Bxc6 Rg6 38. Qf7
Rcxc6 39. bxc5 Rcf6 40. Qd5 Qc7 {0-1 Karjakin,S-McShane,L/Pamplona 2003}) 16...
Nb8 $1 $146 {[%mdl 8]} (16... Kh8 17. Qe4 Rb8 18. a4 f6 (18... Ne7 $2 19. f6 $1
) 19. O-O Ne7 20. Nxe7 (20. Bxd7 Nxd5 21. Qxd5 Qxd7 22. b4 Rfc8 23. Qd3 d5 24.
Rfd1 Bf8 25. Qxd5 Qxd5 26. Rxd5 Rxc3 27. b5 Bc5 $15) 20... Qxe7 21. c4 Rfc8 (
21... d5 $5 22. Qxd5 Bxf5 23. c5 Be6 24. Qd6 Qxd6 25. cxd6 Rfd8 26. Rfd1 Bf8
27. d7 Kg7 $17) 22. Rfd1 Be8 23. b3 Bf7 24. Rd3 Bf8 25. a5 $2 d5 $1 $19 26.
Rxd5 Bxd5 27. Qxd5 Rd8 28. Qe6 Kg7 29. a6 Qa7 30. Bc6 Rd6 {0-1 Gómez Esteban,
M-Cifuentes,R/Durango activo (20 min.) 2004}) (16... Ne7 $2 17. Nf6+ $18) 17.
O-O h5 (17... Bxb5 $4 18. f6 $18) 18. Qf3 Qg5 (18... Bxb5 $5 19. f6 Kh7 $8 {'!'
} (19... Bh6 20. Ne7+ Kh7 21. Qf5+ (21. Qxa8) 21... Kh8 22. Qxh5 Kh7 23. Rfd1
Ra6 (23... Nd7 $2 24. Rxd6) 24. g4 Be2 (24... Rg8 25. Qxf7+ Kh8 26. Ng6+ Rxg6
27. Qxg6 Qf8 28. g5 $16) 25. Rd3 $1 Bxg4 (25... Bxd3 26. g5 $18) 26. Qxg4 Rg8
27. Nxg8 Qxg8 28. Qxg8+ Kxg8 29. a4 $16) (19... Bxf1 20. Qg3 $18) (19... Bxf6
20. Nxf6+ Kg7 21. Nxh5+ Kh6 22. Qxa8 Bxf1 23. Rxf1 Kxh5 24. Rd1 $16) 20. Qf5+ (
20. Qxh5+ Bh6 21. Qf5+ Kh8 (21... Kg8 22. Ne7+ Kh8 23. Qh5 Kh7)) 20... Kh6 21.
g4 (21. h4 Rg8) 21... Bxf6 $1 (21... hxg4 $2 22. fxg7 Kxg7 23. Qxg4+ Kh6 24.
Qh3+ Kg6 (24... Kg7 25. Kh1 Bxf1 26. Rxf1 Qg5 27. Rg1 Qxg1+ 28. Kxg1 $18) 25.
Kh1 $1 Bxf1 26. Rxf1 $18) 22. Nxf6 Rh8 23. Qxh5+ Kg7 24. Qg5+ Kf8 25. Nh7+ Ke8
26. Nf6+ Kf8 27. Nh7+ $11) 19. a4 (19. Bd3 Ra5 $1 20. f6 Rxd5 21. Qxd5 Bc6 22.
f4 Qxf6 $13) 19... Ra7 $6 (19... Bxb5 $142 20. axb5 Rxa1 21. Rxa1 Nd7 22. Qg3
Qxg3 23. hxg3 Rb8 24. Ra6 Rxb5 25. Rxd6 Rb7 26. b4 e4 $132) 20. Qe3 $1 Qxe3 21.
fxe3 Bh6 22. e4 Bg5 23. b4 Bxb5 24. axb5 Rb7 25. f6 (25. Rf3 $5 Kh7 (25... Rxb5
$2 26. Rg3 $18) 26. c4 Rc8 27. Rc3 Nd7 28. Kf2 (28. Ra6 Nf6 29. Nxf6+ Bxf6 30.
Rxd6 Be7 31. Rc6 Bxb4 32. Rxc8 Bxc3 $11) 28... Nf6 29. Nxf6+ Bxf6 30. Raa3 {
/\Ke2-d3} Be7 $1 (30... d5 $6 31. exd5 e4 32. c5 $1 (32. Rc2 Rxb5) 32... Bxc3
33. Rxc3 Rxb5 34. d6 Rxb4 35. d7 Rd8 36. c6 Rd4 37. Ke3 R4xd7 38. cxd7 Rxd7 39.
Kxe4 $16) 31. Ke2 d5 $1) 25... Kh7 26. Ra5 (26. Rf5 Kh6 27. h4 Bxh4 28. g4 Bg5
$1 (28... hxg4 $2 29. Kg2 $1 Kg6 30. Rh1 Bg5 31. Kg3 $1 Re8 32. Kxg4 Bh6 33.
Kf3 Bd2 34. Rh2 Bc1 35. Rg2+ Kh6 36. Rg7 $1 Nd7 37. Rg1 Bf4 38. Ne7 $18)) 26...
Nd7 27. Ra6 Nb6 $5 28. Rd1 (28. Rxb6 Rxb6 29. Rf5 $5 Bd2 30. Rxh5+ Kg6 31. Rf5
Rb7 32. Ne7+ Rxe7 (32... Kh6 $2 33. g4 $1) 33. fxe7 Re8 34. Rf3 Bg5 $1) 28...
Nc4 29. Rc6 Ne3 30. Rd3 Nxd5 31. Rxd5 Ra8 32. Ra6 (32. Rcxd6 Kg6 33. Rc6 Ra2
$132) 32... Rc8 33. Rc6 Ra8 1/2-1/2